000 00339nam a22001457a 4500
008 210310b ||||| |||| 00| 0 eng d
020 _a0534633633
041 _aeng
080 _24th
_a159.9
082 _a159.9
100 _a49
101 _aPSI
245 _aAbnormal Psychology an Integrative approach
_cBarlow,H.D
942 _2udc
_cBK
999 _c56275
_d56275